[Event "PRVA LIGA CENTRALNE SRBIJE 2015"]
[Site "Kragujevac"]
[Date "2015.09.06"]
[Round "3.1"]
[White "Zajic, Milan"]
[Black "Grujovic, Milojica"]
[Result "1-0"]
[WhiteElo "2472"]
[BlackElo "1898"]
[PlyCount "69"]
[EventDate "2015.09.05"]

1. e4 e5 2. Nf3 Nc6 3. Bb5 a6 4. Ba4 Nf6 5. d3 b5 6. Bb3 Be7 7. O-O O-O 8. a4
b4 9. Re1 a5 10. Nbd2 d6 11. c3 Nd7 12. Nf1 Bf6 13. Ne3 Ne7 14. Ng4 Ng6 15. d4
Qe7 16. Bd2 c5 17. dxc5 dxc5 18. Ne3 Nb6 19. cxb4 cxb4 20. Nf5 Bxf5 21. exf5
Nh4 22. Nxh4 Bxh4 23. Qh5 Rad8 24. Bf4 Bf6 25. Re3 Rd4 26. Rh3 h6 27. Bxh6 Rh4
28. Rxh4 Bxh4 29. Be3 Nd7 30. g3 Bf6 31. g4 e4 32. g5 Bxb2 33. Rd1 Ne5 34. g6
Qh4 35. gxf7+ 1-0

[Event "PRVA LIGA CENTRALNE SRBIJE 2015"]
[Site "Kragujevac"]
[Date "2015.09.06"]
[Round "3.1"]
[White "Colovic, Dusan"]
[Black "Radovanovic, Nikola"]
[Result "1/2-1/2"]
[WhiteElo "2375"]
[BlackElo "2407"]
[PlyCount "74"]
[EventDate "2015.09.05"]

1. d4 Nf6 2. Nc3 d6 3. e4 Nbd7 4. Nf3 e5 5. Bc4 Be7 6. a4 O-O 7. O-O c6 8. h3
b6 9. Qe2 a6 10. Rd1 Qc7 11. Ba2 Bb7 12. Nh4 exd4 13. Rxd4 g6 14. Bh6 Rfd8 15.
Nf3 Bf8 16. Bxf7+ Kxf7 17. Qc4+ Ke8 18. Qe6+ Be7 19. Ng5 Ne5 20. f4 Bc8 21. Qb3
d5 22. fxe5 Ng8 23. exd5 cxd5 24. Nxd5 Rxd5 25. Qxd5 Nxh6 26. Qxa8 Bxg5 27. Rd3
Be7 28. Rc3 Bc5+ 29. Kh1 a5 30. Rd1 Ke7 31. Qd5 Bb7 32. Rxc5 bxc5 33. Qd6+ Qxd6
34. Rxd6 Nf7 35. Rb6 Be4 36. Rb5 Bxc2 37. Rxc5 Bxa4 1/2-1/2

[Event "PRVA LIGA CENTRALNE SRBIJE 2015"]
[Site "Kragujevac"]
[Date "2015.09.06"]
[Round "3.1"]
[White "Dezelin, Milan"]
[Black "Jevdjovic, Milorad"]
[Result "1/2-1/2"]
[WhiteElo "2261"]
[BlackElo "2290"]
[PlyCount "26"]
[EventDate "2015.09.05"]

1. d4 Nf6 2. Nf3 g6 3. g3 Bg7 4. Bg2 O-O 5. O-O d6 6. c4 Nbd7 7. Nc3 c6 8. e4
Qc7 9. h3 e5 10. Be3 Re8 11. Qc2 a6 12. Rfe1 Nf8 13. d5 c5 1/2-1/2

[Event "PRVA LIGA CENTRALNE SRBIJE 2015"]
[Site "Kragujevac"]
[Date "2015.09.06"]
[Round "3.1"]
[White "Kiproski, Branislav"]
[Black "Djordjevic, Vuk"]
[Result "1/2-1/2"]
[WhiteElo "2240"]
[BlackElo "2209"]
[PlyCount "82"]
[EventDate "2015.09.05"]

1. d4 Nf6 2. Bg5 e6 3. e3 d5 4. c4 Be7 5. Nc3 Nbd7 6. Nf3 O-O 7. Qc2 b6 8. cxd5
exd5 9. Bd3 Bb7 10. O-O Ne4 11. Bf4 f5 12. Nb5 Bd6 13. Bxd6 cxd6 14. Qc7 Ba6
15. Qxd8 Rfxd8 16. Rfc1 Ndf6 17. Ne1 Bxb5 18. Bxb5 a6 19. Bd3 g6 20. f3 Ng5 21.
Rc6 b5 22. a4 Nf7 23. axb5 axb5 24. Rxa8 Rxa8 25. Rb6 Ng5 26. Bxb5 f4 27. exf4
Ne6 28. Ba6 Nxd4 29. b4 Kf7 30. b5 Ke6 31. Kf2 Nd7 32. Rb7 Nc5 33. Rxh7 Nxa6
34. bxa6 Rxa6 35. g4 Ra2+ 36. Ke3 Nb3 37. f5+ gxf5 38. Rh6+ Kf7 39. Rxd6 d4+
40. Kf4 fxg4 41. fxg4 Rxh2 1/2-1/2

[Event "PRVA LIGA CENTRALNE SRBIJE 2015"]
[Site "Kragujevac"]
[Date "2015.09.06"]
[Round "3.1"]
[White "Gajic, Mladen"]
[Black "Baralic, Nebojsa"]
[Result "1/2-1/2"]
[WhiteElo "2253"]
[BlackElo "2244"]
[PlyCount "80"]
[EventDate "2015.09.05"]

1. e4 c6 2. Nf3 d5 3. exd5 cxd5 4. Ne5 Nf6 5. d4 a6 6. Bd3 Nc6 7. c3 Qb6 8. f4
g6 9. O-O Bg7 10. Kh1 O-O 11. Nd2 Bd7 12. Qe2 Qc7 13. Ndf3 e6 14. b3 Rfc8 15.
Bd2 Be8 16. g4 Nxe5 17. Nxe5 Nd7 18. Nf3 Qd6 19. Rae1 Nf6 20. Ne5 Nd7 21. Nf3
Nf6 22. Rg1 Bb5 23. c4 dxc4 24. bxc4 Bc6 25. Be3 Qa3 26. Rd1 b5 27. Bc1 Qc3 28.
g5 Nh5 29. Rgf1 bxc4 30. Be4 Bd5 31. Bxd5 exd5 32. f5 Re8 33. Qg2 Rad8 34. f6
Bf8 35. Ne5 Re6 36. Rf3 Qa1 37. Qc2 Rxe5 38. Be3 Qxd1+ 39. Qxd1 Re4 40. Kg2
Rde8 1/2-1/2

[Event "PRVA LIGA CENTRALNE SRBIJE 2015"]
[Site "Kragujevac"]
[Date "2015.09.06"]
[Round "3.1"]
[White "Puaca, Goran"]
[Black "Cvetanovic, Uros"]
[Result "0-1"]
[WhiteElo "2147"]
[BlackElo "2230"]
[PlyCount "98"]
[EventDate "2015.09.05"]

1. d4 Nf6 2. c4 e6 3. Nc3 Bb4 4. Qc2 O-O 5. a3 Bxc3+ 6. Qxc3 d5 7. Nf3 Nbd7 8.
Bg5 h6 9. Bh4 dxc4 10. Qxc4 c6 11. e3 Qa5+ 12. Qc3 Qxc3+ 13. bxc3 c5 14. Bd3 b6
15. O-O Bb7 16. Bxf6 Nxf6 17. Ne5 Rac8 18. a4 Nd5 19. dxc5 bxc5 20. Rfb1 Ba8
21. Ra3 Rfd8 22. Be2 f6 23. Nc4 Ne7 24. f3 Kf7 25. e4 g5 26. e5 fxe5 27. Nxe5+
Kf6 28. Ng4+ Kg7 29. Bc4 h5 30. Nf2 Kf6 31. Re1 Bd5 32. Ba6 Rb8 33. c4 Ba8 34.
Bb5 Rd6 35. a5 a6 36. Ba4 Rb4 37. Be8 Rxc4 38. Bxh5 Rc2 39. Ne4+ Bxe4 40. fxe4
Rdd2 41. Rf1+ Ke5 42. Rg3 c4 43. Rxg5+ Kd4 44. Bf7 c3 45. e5 Rb2 46. Bxe6 c2
47. Rf4+ Ke3 48. Rf3+ Ke4 49. h4 c1=Q+ 0-1

[Event "PRVA LIGA CENTRALNE SRBIJE 2015"]
[Site "Kragujevac"]
[Date "2015.09.06"]
[Round "3.2"]
[White "Kuzubov, Yuriy"]
[Black "Ninov, Nikolai"]
[Result "1-0"]
[WhiteElo "2636"]
[BlackElo "2436"]
[PlyCount "76"]
[EventDate "2015.09.05"]

1. c4 c5 2. Nf3 Nc6 3. d4 cxd4 4. Nxd4 Nf6 5. Nc3 e6 6. a3 Be7 7. e4 O-O 8. Nf3
b6 9. Bd3 Qc7 10. Bg5 Bb7 11. O-O Rad8 12. Re1 h6 13. Bh4 Nh5 14. Bxe7 Nxe7 15.
Nd4 Nf4 16. Ndb5 Qb8 17. Bf1 d6 18. Qf3 e5 19. Nd5 Nfxd5 20. exd5 Rd7 21. a4 a6
22. Nc3 a5 23. Reb1 Qd8 24. b4 axb4 25. Rxb4 Ba6 26. Qe3 Nc8 27. Ne4 f5 28. Nd2
Rff7 29. a5 bxa5 30. Rba4 Bb7 31. Rxa5 Nb6 32. Rb5 Nc8 33. Nb3 Rc7 34. Na5 Ba8
35. Rb8 Ra7 36. Nc6 f4 37. Qxa7 Rxa7 38. Nxa7 Nxa7 1-0

[Event "PRVA LIGA CENTRALNE SRBIJE 2015"]
[Site "Kragujevac"]
[Date "2015.09.06"]
[Round "3.2"]
[White "Ostojic, Nikola"]
[Black "Milanovic, Danilo"]
[Result "1-0"]
[WhiteElo "2420"]
[BlackElo "2462"]
[PlyCount "111"]
[EventDate "2015.09.05"]

1. Nf3 Nf6 2. g3 d5 3. Bg2 c6 4. O-O Bf5 5. d3 h6 6. Nfd2 e6 7. e4 Bh7 8. Qe2
Be7 9. f4 O-O 10. g4 Ne8 11. Kh1 Nd7 12. a4 Nc7 13. Nc3 dxe4 14. dxe4 f5 15.
Nc4 fxg4 16. Qxg4 Nf6 17. Qe2 Qe8 18. e5 Nfd5 19. Ne4 Qg6 20. Ncd6 Bxd6 21.
exd6 Na6 22. Ra3 Nf6 23. Rg3 Qf5 24. Nxf6+ Rxf6 25. b3 Nc5 26. Bb2 Rg6 27. Re3
Qg4 28. Qxg4 Rxg4 29. Bd4 Rxg2 30. Kxg2 Ne4 31. Be5 Rd8 32. Rfe1 Nxd6 33. Rd1
Nf7 34. Rxd8+ Nxd8 35. Re2 Nf7 36. Kf3 g5 37. Rd2 a6 38. a5 Kf8 39. Rd7 Bxc2
40. Rxb7 Bd3 41. Ke3 Bb5 42. Bf6 Kg8 43. fxg5 hxg5 44. Re7 Nh6 45. Rg7+ Kf8 46.
Rxg5 Kf7 47. Bd4 Nf5+ 48. Ke4 Be2 49. Ke5 Bd1 50. b4 Nh4 51. Kd6 Nf5+ 52. Kc5
Be2 53. Be5 Bb5 54. Rg1 Ba4 55. Kb6 Bb5 56. Kb7 1-0

[Event "PRVA LIGA CENTRALNE SRBIJE 2015"]
[Site "Kragujevac"]
[Date "2015.09.06"]
[Round "3.2"]
[White "Savic, Miodrag R"]
[Black "Lukovic, Vladimir"]
[Result "1-0"]
[WhiteElo "2503"]
[BlackElo "2438"]
[PlyCount "71"]
[EventDate "2015.09.05"]

1. e4 e5 2. Nf3 Nc6 3. Bb5 a6 4. Ba4 Nf6 5. O-O Be7 6. Re1 b5 7. Bb3 d6 8. c3
O-O 9. h3 a5 10. a4 b4 11. d4 bxc3 12. bxc3 exd4 13. cxd4 d5 14. exd5 Nb4 15.
Nc3 Bb7 16. Qe2 Re8 17. Ne5 Nbxd5 18. Bd2 Bb4 19. Rac1 Re7 20. Qd1 Qd6 21. Nb5
Qb6 22. Nc4 Rxe1+ 23. Bxe1 Qa6 24. Ne5 c6 25. Nc3 Qb6 26. Nxd5 cxd5 27. Bxb4
axb4 28. Rc5 Ne4 29. Rb5 Qc7 30. Qc2 Nc3 31. Rxb4 Ba6 32. Bc4 Ne2+ 33. Qxe2
dxc4 34. Nxc4 Rc8 35. Qe5 Qc6 36. Ne3 1-0

[Event "PRVA LIGA CENTRALNE SRBIJE 2015"]
[Site "Kragujevac"]
[Date "2015.09.06"]
[Round "3.2"]
[White "Ilic, Dragan M"]
[Black "Arsovic, Zoran"]
[Result "1-0"]
[WhiteElo "2354"]
[BlackElo "2421"]
[PlyCount "133"]
[EventDate "2015.09.05"]

1. d4 Nf6 2. c4 d6 3. Nc3 Nbd7 4. e4 e5 5. Nf3 g6 6. Be2 Bg7 7. O-O O-O 8. Be3
Qe7 9. d5 c5 10. dxc6 bxc6 11. h3 Rd8 12. b4 Bb7 13. Nd2 d5 14. cxd5 cxd5 15.
exd5 Nxd5 16. Nxd5 Bxd5 17. Qa4 Nb6 18. Qa5 Bb7 19. Rfe1 Nd5 20. Bc5 Qe6 21.
Bc4 Qf5 22. Ne4 Nf4 23. Ng3 Qd7 24. Rad1 Qxd1 25. Rxd1 Rxd1+ 26. Kh2 Rd7 27.
Bb5 Rdd8 28. Bf1 Bd5 29. Ne2 Nd3 30. Nc3 Be6 31. Ne4 h6 32. Nd6 Nf4 33. g3 Nd5
34. Bc4 Rd7 35. Bb5 Rdd8 36. Bc6 Rab8 37. a3 Bf8 38. Ne4 Ne7 39. Bxe7 Bxe7 40.
Qxa7 Kf8 41. Nc5 Bf5 42. g4 Be6 43. Kg2 Bxc5 44. Qxc5+ Kg8 45. Qxe5 Rbc8 46. b5
Rd3 47. Be4 Rxa3 48. b6 Rb3 49. b7 Re8 50. f3 h5 51. Kg3 hxg4 52. hxg4 Bd7 53.
Qd5 Be6 54. Qc6 Rb8 55. Qc7 Re8 56. Kh4 Kg7 57. Qe5+ Kh7 58. Bc6 Rf8 59. Qf6
Rb6 60. Be4 Rb8 61. Qe7 Kg7 62. Qc7 Rh8+ 63. Kg3 Rb3 64. Bc2 Rb5 65. Qc6 Rd5
66. Qc3+ f6 67. Qc7+ 1-0

[Event "PRVA LIGA CENTRALNE SRBIJE 2015"]
[Site "Kragujevac"]
[Date "2015.09.06"]
[Round "3.2"]
[White "Kostic, Vladimir G"]
[Black "Panic, Nenad"]
[Result "1/2-1/2"]
[WhiteElo "2367"]
[BlackElo "2352"]
[PlyCount "91"]
[EventDate "2015.09.05"]

1. d4 Nf6 2. Nf3 e6 3. c3 c5 4. e3 b6 5. a4 a6 6. Nbd2 cxd4 7. exd4 d6 8. Bd3
Bb7 9. O-O Be7 10. Ng5 Nbd7 11. Re1 O-O 12. Qe2 Re8 13. Nc4 Bf8 14. Qc2 g6 15.
Bf4 Nd5 16. Bd2 Rc8 17. Qd1 N5f6 18. Bf4 Nd5 19. Bc1 N5f6 20. Bf1 Qc7 21. Nd2
Bg7 22. h3 Ra8 23. Qb3 Bc6 24. Nde4 h6 25. Nxf6+ Nxf6 26. Nf3 b5 27. axb5 axb5
28. Rxa8 Rxa8 29. Nh2 Qb7 30. Bf4 Bf8 31. Ng4 Nxg4 32. hxg4 Ra5 33. Qc2 Qa8 34.
Qc1 Kh7 35. f3 Bd5 36. Bd3 Bc4 37. Bc2 Qd8 38. Bd2 Ra2 39. Bb1 Ra6 40. Bc2 Bg7
41. Be3 Ra2 42. Bb1 Ra8 43. Be4 Ra2 44. Bb1 Ra6 45. Bc2 Ra2 46. Bb1 1/2-1/2

[Event "PRVA LIGA CENTRALNE SRBIJE 2015"]
[Site "Kragujevac"]
[Date "2015.09.06"]
[Round "3.2"]
[White "Zivkovic, Vladislav"]
[Black "Bozic, Milan"]
[Result "0-1"]
[WhiteElo "2177"]
[BlackElo "2438"]
[PlyCount "52"]
[EventDate "2015.09.05"]

1. c4 d6 2. g3 e5 3. Bg2 c6 4. Nc3 Nf6 5. e4 Be7 6. Nge2 Bg4 7. d3 O-O 8. h3
Bd7 9. O-O Na6 10. Be3 b5 11. b3 b4 12. Na4 Nc7 13. f4 Qc8 14. Kh2 Rd8 15. Qe1
Qb7 16. d4 exd4 17. Nxd4 d5 18. exd5 cxd5 19. cxd5 Ncxd5 20. Bg1 Re8 21. Qb1
Bf8 22. Qd3 Rad8 23. Rac1 Rc8 24. Nf5 Bb5 25. Rc4 Qd7 26. Nc5 Bxc5 0-1

[Event "PRVA LIGA CENTRALNE SRBIJE 2015"]
[Site "Kragujevac"]
[Date "2015.09.06"]
[Round "3.3"]
[White "Milanovic, Slavisa"]
[Black "Ristic, Nenad"]
[Result "1/2-1/2"]
[WhiteElo "2381"]
[BlackElo "2440"]
[PlyCount "21"]
[EventDate "2015.09.05"]

1. d4 Nf6 2. c4 g6 3. Nc3 Bg7 4. e4 d6 5. Nf3 O-O 6. Be2 e5 7. O-O Nc6 8. d5
Ne7 9. b4 a5 10. bxa5 Rxa5 11. Nd2 1/2-1/2

[Event "PRVA LIGA CENTRALNE SRBIJE 2015"]
[Site "Kragujevac"]
[Date "2015.09.06"]
[Round "3.4"]
[White "Pikula, Dejan"]
[Black "Dimitrijevic, Srdjan"]
[Result "1-0"]
[WhiteElo "2472"]
[BlackElo "2258"]
[PlyCount "111"]
[EventDate "2015.09.05"]

1. e4 c6 2. d4 d5 3. Nd2 g6 4. h3 Bg7 5. Ngf3 Nh6 6. Bd3 f6 7. O-O Nf7 8. c4
dxe4 9. Nxe4 O-O 10. Re1 Na6 11. a4 Re8 12. Bf4 Bf5 13. Qb3 Qb6 14. Qc3 Qb4 15.
Qc2 Qa5 16. Bd2 Qd8 17. b4 Rc8 18. Bc3 Nc7 19. b5 Ne6 20. Rad1 Nf4 21. Bf1 Nd6
22. Nfd2 cxb5 23. axb5 Bxe4 24. Nxe4 Nxc4 25. Nc5 Nd6 26. Qb3+ Kh8 27. Bd2 b6
28. Bxf4 bxc5 29. dxc5 Rxc5 30. Bxd6 exd6 31. Rxd6 Qb8 32. Rxe8+ Qxe8 33. Qd3
Rc8 34. Rd7 f5 35. Rxa7 Rd8 36. Qg3 Be5 37. Qh4 Rd7 38. b6 Bd4 39. Rxd7 Qxd7
40. b7 Be5 41. Qb4 Qd6 42. Qc4 Kg7 43. g3 Qc7 44. Qb5 f4 45. g4 Kf6 46. h4 h6
47. Qd5 f3 48. Qxf3+ Bf4 49. Bd3 g5 50. h5 Qe5 51. Qc6+ Qd6 52. Qe4 Kg7 53.
Qh7+ Kf8 54. Kg2 Be5 55. b8=Q+ Qxb8 56. Qxh6+ 1-0

[Event "PRVA LIGA CENTRALNE SRBIJE 2015"]
[Site "Kragujevac"]
[Date "2015.09.06"]
[Round "3.4"]
[White "Sorgic, Dragan"]
[Black "Stankovic, Ivan G"]
[Result "1/2-1/2"]
[WhiteElo "2215"]
[BlackElo "2206"]
[PlyCount "121"]
[EventDate "2015.09.05"]

1. e4 g6 2. d4 Bg7 3. Nc3 c6 4. Nf3 d5 5. h3 Nh6 6. Bd3 f6 7. O-O Nf7 8. Re1
O-O 9. Bf1 Na6 10. exd5 cxd5 11. a3 Nc7 12. Bf4 e6 13. a4 Bd7 14. Qd2 Re8 15.
Nb5 e5 16. dxe5 fxe5 17. Nxc7 Qxc7 18. Bg3 Bc6 19. Nd4 Qb6 20. Nxc6 bxc6 21. c4
d4 22. a5 Qd8 23. c5 Qf6 24. Bd3 Rab8 25. Re2 Rb7 26. a6 Rbe7 27. Qe1 h5 28. f3
Bh6 29. Be4 Bf4 30. Bf2 Rd7 31. Bd3 Red8 32. Rd1 Kg7 33. b4 Nh6 34. Bh4 g5 35.
Bf2 h4 36. Rc2 Be3 37. b5 cxb5 38. c6 Rc7 39. Bxb5 Nf5 40. Qa5 Qd6 41. Re2
Bxf2+ 42. Kxf2 Re8 43. Re4 Ree7 44. Ba4 Kf6 45. Rd3 Qe6 46. Qb4 Qd5 47. Kf1 Qa2
48. Qb3 Qxb3 49. Rxb3 Ne3+ 50. Rbxe3 dxe3 51. Rxe3 Re6 52. Re4 Rd6 53. Rb4 Ke7
54. Rb7 Kd8 55. Rb8+ Rc8 56. Rb7 Rd4 57. Bb5 Rb4 58. Rd7+ Ke8 59. Rh7 Kd8 60.
Rd7+ Ke8 61. Rh7 1/2-1/2

[Event "PRVA LIGA CENTRALNE SRBIJE 2015"]
[Site "Kragujevac"]
[Date "2015.09.06"]
[Round "3.4"]
[White "Jovanovic, Sasa M"]
[Black "Milosevic, Zoran"]
[Result "1/2-1/2"]
[WhiteElo "2251"]
[BlackElo "2238"]
[PlyCount "32"]
[EventDate "2015.09.05"]

1. Nf3 c5 2. g3 d5 3. c4 Nf6 4. Bg2 Nc6 5. cxd5 Nxd5 6. Nc3 Nc7 7. O-O e5 8. d3
Be7 9. Be3 O-O 10. Nd2 Bd7 11. Nc4 f6 12. a4 Rb8 13. f4 Be6 14. f5 Bf7 15. Be4
Nd5 16. Bf2 Ncb4 1/2-1/2

[Event "PRVA LIGA CENTRALNE SRBIJE 2015"]
[Site "Kragujevac"]
[Date "2015.09.06"]
[Round "3.4"]
[White "Stojiljkovic, Stefan"]
[Black "Vojinovic, Luka"]
[Result "1/2-1/2"]
[WhiteElo "2134"]
[BlackElo "2122"]
[PlyCount "44"]
[EventDate "2015.09.05"]

1. e4 c5 2. Nf3 Nc6 3. Bb5 g6 4. O-O Bg7 5. d3 Nf6 6. Bxc6 dxc6 7. h3 O-O 8.
Qe2 Re8 9. Nbd2 Nd7 10. e5 Nf8 11. a4 a5 12. Rd1 Ne6 13. Nb3 Nd4 14. Nfxd4 cxd4
15. Qe4 f5 16. Qxd4 Qxd4 17. Nxd4 Bxe5 18. Nf3 Bg7 19. d4 Be6 20. Bf4 h6 21.
Ra3 g5 22. Bc7 Bd5 1/2-1/2

[Event "PRVA LIGA CENTRALNE SRBIJE 2015"]
[Site "Kragujevac"]
[Date "2015.09.06"]
[Round "3.5"]
[White "Radibratovic, Predrag"]
[Black "Djukic, Nebojsa"]
[Result "1/2-1/2"]
[WhiteElo "2327"]
[BlackElo "2174"]
[PlyCount "60"]
[EventDate "2015.09.05"]

1. d4 e6 2. c4 Nf6 3. Nc3 d5 4. Bg5 Be7 5. e3 a6 6. Nf3 Nbd7 7. cxd5 exd5 8.
Qc2 c6 9. Bd3 h6 10. Bh4 O-O 11. O-O Re8 12. Nd2 Nf8 13. Rab1 Bg4 14. b4 Bh5
15. a4 Bg6 16. Bxf6 Bxf6 17. a5 Bxd3 18. Qxd3 Ne6 19. Na4 Be7 20. Nf3 Nc7 21.
Qf5 Nb5 22. Nb6 Ra7 23. Ne5 Nd6 24. Qc2 Nc8 25. Nxc8 Qxc8 26. f4 Bd6 27. Rf3
Ra8 28. Rg3 Qe6 29. Rb3 Kh8 30. h4 Rf8 1/2-1/2

[Event "PRVA LIGA CENTRALNE SRBIJE 2015"]
[Site "Kragujevac"]
[Date "2015.09.06"]
[Round "3.5"]
[White "Mladenovic, Stefan"]
[Black "Mrsevic, Miroslav"]
[Result "1-0"]
[WhiteElo "2326"]
[BlackElo "2268"]
[PlyCount "43"]
[EventDate "2015.09.05"]

1. d4 Nf6 2. Nf3 g6 3. g3 Bg7 4. Bg2 O-O 5. O-O d6 6. a4 c5 7. Nc3 Nc6 8. d5
Nb4 9. Nd2 e5 10. Nc4 Ne8 11. f4 f6 12. fxe5 fxe5 13. Rxf8+ Bxf8 14. Ne4 Bf5
15. c3 Na6 16. Nf2 Nac7 17. e4 Bd7 18. Be3 Be7 19. Qd2 Bxa4 20. Rxa4 b5 21. Na5
bxa4 22. Nc6 1-0

[Event "PRVA LIGA CENTRALNE SRBIJE 2015"]
[Site "Kragujevac"]
[Date "2015.09.06"]
[Round "3.5"]
[White "Kahrovic, Mersid"]
[Black "Livaja, Mario"]
[Result "1-0"]
[WhiteElo "2275"]
[BlackElo "2246"]
[PlyCount "63"]
[EventDate "2015.09.05"]

1. c4 Nf6 2. Nc3 g6 3. e4 d6 4. d4 Bg7 5. f3 O-O 6. Be3 Nbd7 7. Qd2 c5 8. Nge2
cxd4 9. Nxd4 Ne5 10. Be2 Bd7 11. Rc1 Rc8 12. b3 Re8 13. O-O a6 14. Rfd1 h5 15.
Nd5 Nc6 16. Nxc6 Bxc6 17. Nb6 Rb8 18. a4 Nd7 19. a5 Kh7 20. Nd5 Nc5 21. Qa2 e5
22. b4 Ne6 23. Ba7 Ra8 24. Bb6 Qd7 25. Nc3 Nd4 26. b5 axb5 27. cxb5 Nxb5 28.
Nxb5 Bxb5 29. Rc7 Bxe2 30. Rxd7 Bxd1 31. Qxf7 Rg8 32. Rxd6 1-0

[Event "PRVA LIGA CENTRALNE SRBIJE 2015"]
[Site "Kragujevac"]
[Date "2015.09.06"]
[Round "3.5"]
[White "Todorovic, Nenad I"]
[Black "Brajovic, Miroljub"]
[Result "1-0"]
[WhiteElo "2197"]
[BlackElo "2104"]
[PlyCount "59"]
[EventDate "2015.09.05"]

1. e4 d5 2. exd5 Qxd5 3. Nc3 Qa5 4. Bc4 Nf6 5. d4 c6 6. Bd2 Qd8 7. Nf3 e6 8.
Qe2 Be7 9. O-O-O a5 10. h4 b5 11. Bd3 Ba6 12. Ne4 b4 13. Bxa6 Nxa6 14. Nxf6+
Bxf6 15. Bg5 Qd5 16. Kb1 Nc7 17. Bxf6 gxf6 18. Nd2 Qxg2 19. Ne4 Qg6 20. Rhg1
Qh6 21. Nd6+ Kf8 22. Qc4 Nd5 23. Qxc6 Rb8 24. Qd7 Ne7 25. d5 e5 26. Nxf7 Kxf7
27. Qe6+ Kf8 28. d6 Ng6 29. Qxf6+ Kg8 30. d7 1-0

[Event "PRVA LIGA CENTRALNE SRBIJE 2015"]
[Site "Kragujevac"]
[Date "2015.09.06"]
[Round "3.5"]
[White "Kijanovic, Igor"]
[Black "Grkovic, Vladan"]
[Result "1/2-1/2"]
[WhiteElo "2064"]
[BlackElo "2167"]
[PlyCount "87"]
[EventDate "2015.09.05"]

1. d4 c5 2. d5 e5 3. e4 d6 4. Nc3 a6 5. f4 exf4 6. Bxf4 Be7 7. Nf3 Bg4 8. Be2
Bxf3 9. Bxf3 Bg5 10. Qd2 Bxf4 11. Qxf4 Qf6 12. Qe3 Nd7 13. O-O Ne5 14. Be2 Qh6
15. Qxh6 Nxh6 16. h3 O-O 17. g4 f6 18. a4 b6 19. Kg2 g6 20. b3 Kg7 21. Bd3 Nhf7
22. Ne2 Rfc8 23. Nf4 Nd8 24. Bc4 Rc7 25. Rf2 Re7 26. Bd3 Nef7 27. h4 Raa7 28.
Raf1 Ne5 29. Kg3 Nd7 30. h5 Re5 31. hxg6 hxg6 32. Rh1 Nf8 33. Rfh2 Nf7 34. Nh3
b5 35. axb5 axb5 36. Bxb5 Rxe4 37. Bd3 Re3+ 38. Kf2 Rae7 39. Nf4 Ng5 40. Kg2
Rf3 41. Ne6+ Nfxe6 42. dxe6 Rf4 43. Kg3 Rf3+ 44. Kg2 1/2-1/2

[Event "PRVA LIGA CENTRALNE SRBIJE 2015"]
[Site "Kragujevac"]
[Date "2015.09.06"]
[Round "3.5"]
[White "Ostojic, Nikola M"]
[Black "Sehovic, Bajram"]
[Result "1/2-1/2"]
[WhiteElo "2043"]
[BlackElo "2037"]
[PlyCount "86"]
[EventDate "2015.09.05"]

1. d4 Nf6 2. c4 g6 3. Nc3 Bg7 4. e4 d6 5. f3 O-O 6. Bg5 h6 7. Be3 e5 8. Nge2
Nc6 9. Qd2 Kh7 10. d5 Ne7 11. g4 Ne8 12. Ng3 Bd7 13. h4 a6 14. h5 g5 15. c5
dxc5 16. Bxc5 Nd6 17. Rc1 Bf6 18. Be2 Re8 19. O-O Kg7 20. Rc2 Qb8 21. Rfc1 Qd8
22. Kg2 Kh7 23. a3 Rc8 24. a4 Ra8 25. b3 Qb8 26. Nd1 Rc8 27. Ne3 b6 28. Ba3 b5
29. a5 Qb7 30. Bxd6 cxd6 31. Qb4 Rxc2 32. Rxc2 Qb8 33. Qc3 Ra7 34. b4 Nc8 35.
Ngf5 Bd8 36. Qd2 Rc7 37. Qc1 Rxc2 38. Qxc2 Qc7 39. Bd3 Qxc2+ 40. Bxc2 Bc7 41.
Kf1 Bb8 42. Ke2 Ba7 43. Kd3 Bxe3 1/2-1/2

[Event "PRVA LIGA CENTRALNE SRBIJE 2015"]
[Site "Kragujevac"]
[Date "2015.09.06"]
[Round "3.6"]
[White "Petkov, Vladimir"]
[Black "Stankovic, Milos"]
[Result "1/2-1/2"]
[WhiteElo "2481"]
[BlackElo "2429"]
[PlyCount "96"]
[EventDate "2015.09.05"]

1. Nf3 Nf6 2. c4 c5 3. Nc3 Nc6 4. e3 e6 5. d4 d5 6. cxd5 exd5 7. Bb5 a6 8.
Bxc6+ bxc6 9. O-O Be7 10. dxc5 Bxc5 11. b3 O-O 12. Bb2 Bg4 13. Ne2 Ne4 14. Ne5
Bh5 15. Qc2 Bxe2 16. Qxe2 Bd6 17. Rac1 Bxe5 18. Bxe5 Re8 19. Qb2 f6 20. Bf4 Qd7
21. Rfd1 a5 22. Qd4 Qb7 23. f3 Ng5 24. Bxg5 fxg5 25. e4 dxe4 26. fxe4 h6 27.
Qc4+ Kh8 28. Rd6 Qe7 29. Qd4 Kh7 30. Rd7 Red8 31. Rxe7 Rxd4 32. h3 a4 33. Rxc6
axb3 34. axb3 Rd2 35. Rcc7 Ra1+ 36. Kh2 Kg6 37. Rxg7+ Kh5 38. Rc3 Raa2 39. Rg3
Re2 40. Re7 Rab2 41. Re6 Re1 42. b4 Ree2 43. Rf6 Rxb4 44. e5 Rbb2 45. e6 Re4
46. Rg4 Ree2 47. Rg3 Re4 48. Rg4 Ree2 1/2-1/2

[Event "PRVA LIGA CENTRALNE SRBIJE 2015"]
[Site "Kragujevac"]
[Date "2015.09.06"]
[Round "3.6"]
[White "Nestorovic, Dejan"]
[Black "Paunovic, Tomislav"]
[Result "1/2-1/2"]
[WhiteElo "2402"]
[BlackElo "2342"]
[PlyCount "21"]
[EventDate "2015.09.05"]

1. d4 Nf6 2. c4 e6 3. Nf3 d5 4. Nc3 Be7 5. Bg5 h6 6. Bxf6 Bxf6 7. e3 O-O 8. Rc1
c6 9. Bd3 Nd7 10. O-O dxc4 11. Bxc4 1/2-1/2

[Event "PRVA LIGA CENTRALNE SRBIJE 2015"]
[Site "Kragujevac"]
[Date "2015.09.06"]
[Round "3.6"]
[White "Milenkovic, Mladen"]
[Black "Nikolic, Boban"]
[Result "1-0"]
[WhiteElo "2317"]
[BlackElo "2236"]
[PlyCount "69"]
[EventDate "2015.09.05"]

1. e4 e6 2. d4 c5 3. Nf3 cxd4 4. Nxd4 Nf6 5. Bd3 Nc6 6. Be3 Ne5 7. f4 Nxd3+ 8.
Qxd3 a6 9. Nd2 Qc7 10. O-O b6 11. Kh1 Bb7 12. Bg1 Rc8 13. a3 d6 14. c4 Be7 15.
f5 e5 16. Ne2 Bc6 17. Nc3 O-O 18. b4 b5 19. cxb5 Bxb5 20. Nxb5 axb5 21. Qxb5
Qc2 22. Qe2 d5 23. exd5 Nxd5 24. Qd1 Qc6 25. Qf3 Rfd8 26. Nb3 Ra8 27. Rfc1 Qb5
28. Nc5 Nf4 29. Rd1 Bxc5 30. Bxc5 Nd3 31. Bg1 Qc4 32. f6 g6 33. Qe3 Nf4 34.
Qxe5 h6 35. Rac1 1-0

[Event "PRVA LIGA CENTRALNE SRBIJE 2015"]
[Site "Kragujevac"]
[Date "2015.09.06"]
[Round "3.6"]
[White "Manic, Ljubomir"]
[Black "Dudukovic, Nikola"]
[Result "1/2-1/2"]
[WhiteElo "2152"]
[BlackElo "2357"]
[PlyCount "100"]
[EventDate "2015.09.05"]

1. Nf3 g6 2. d4 Nf6 3. b3 Bg7 4. Bb2 O-O 5. e3 d6 6. h3 Nbd7 7. Be2 c6 8. O-O
Qc7 9. c4 e5 10. Nc3 Re8 11. Qc2 Nf8 12. Bd3 Nh5 13. c5 exd4 14. cxd6 Qxd6 15.
Ne4 Qe7 16. Bxd4 Bf5 17. Bxg7 Nxg7 18. Ng3 Bxd3 19. Qxd3 Nd7 20. Qc2 Ne5 21.
Nd2 Rad8 22. Rad1 Nd7 23. Nc4 Nf6 24. Rxd8 Rxd8 25. Rd1 Ne6 26. Rd2 c5 27. Qb2
b5 28. Ne5 Rxd2 29. Qxd2 Qd8 30. Qb2 Qd1+ 31. Kh2 Ne8 32. Ng4 h5 33. Nf6+ Nxf6
34. Qxf6 Qd8 35. Qc3 Qd5 36. f3 Qd6 37. f4 Qd5 38. Qf6 c4 39. bxc4 Qxc4 40. h4
Qc7 41. Ne4 Qd8 42. Qe5 Qxh4+ 43. Kg1 a6 44. g3 Qh3 45. Kf2 Qh2+ 46. Kf3 Qxa2
47. Qb8+ Kg7 48. Qe5+ Kh7 49. Qb8 Kg7 50. Qe5+ Kh7 1/2-1/2

[Event "PRVA LIGA CENTRALNE SRBIJE 2015"]
[Site "Kragujevac"]
[Date "2015.09.06"]
[Round "3.6"]
[White "Organdziev, Oliver"]
[Black "Arandjelovic, Aleksandar Z"]
[Result "1/2-1/2"]
[WhiteElo "2307"]
[BlackElo "2060"]
[PlyCount "68"]
[EventDate "2015.09.05"]

1. e4 c5 2. Nf3 d6 3. Bb5+ Nc6 4. O-O Nf6 5. Re1 e5 6. c3 Be7 7. d4 Bd7 8. Bg5
Qc7 9. Na3 O-O 10. h3 h6 11. Bxf6 Bxf6 12. dxc5 dxc5 13. Bc4 a6 14. Bd5 Ne7 15.
Nc4 Rad8 16. Ne3 Ng6 17. Qc2 Nf4 18. Bc4 Bc6 19. Bf1 g6 20. g3 Ne6 21. Rad1 Ng5
22. Nxg5 Bxg5 23. Nd5 Bxd5 24. Rxd5 Rxd5 25. exd5 Qd6 26. h4 Bd8 27. h5 f5 28.
hxg6 e4 29. Bg2 Kg7 30. Re2 h5 31. c4 Bf6 32. Qb3 b6 33. Qe3 Bd4 34. Qg5 Qxg6
1/2-1/2